01950nam a2200361 4500003000900000005001700009008004100026017001300067020001500080040004600095041000800141082002800149092000700177099004400184100005200228245021600280250003000496264006600526300002900592336002200621337002400643338003300667504006300700546009600763650006200859856005700921905001300978942001900991999001701010952018701027952018701214952018701401EG-GICUC20260121101229.0251116s2001 ua ||||fr|||| 00| 0 ara d a20019627 a9770434515 a EG-GICUCbarac EG-GICUCd EG-GICUCerda0 aara04221a341.851bم ح . م04221 aLaw1 12 341.851 م ح . م 1 ed - 20010 aمحمد عبدالعزيز بكرeمؤلف.10aمركز التحكيم لدول مجلس التعاون الخليجي:bتعليق علي لائحة المركز كنموذج لمراكز التحكيم في اسيا /cمحمد عبدالعزيز بكر. aالطبعة الاولى aالقاهرة؛bدار النهضة العربية،c2001. a115 ؛ صفحةc24 سم 2rda contentatext 2rda mediaaComputer 2rda carrieraOnline Resource aيحتوي على اراجاعات ببليوجرافية  aالنص أغلبه باللغة العربية مع بعض النصوص الفرنسية1 aالتحكيم - قانون دوليzدول الخليج40uhttps://fll.law.cu.edu.eg/fulltext/bks/B12-00943.pdf a75eYara 2ddcn0cBKe21 c43648d43648 00102ddc40718القانون الدولي الخاصaCUbLAW1d2025-11-16l0oLaw1 12 341.851م ح . م 1 ed - 2001 1200943 C1pB12-00943r2025-11-16 17:48:04t1w2025-11-16yBK 00102ddc40708القانون الدولي الخاصaCUbLAW1d2025-11-17l0oLaw1 12 341.851م ح . م 1 ed - 2001 1201419 C2pB12-01419r2025-11-17 10:27:01t2w2025-11-17yBK 00102ddc40708القانون الدولي الخاصaCUbLAW1d2025-11-17l0oLaw1 12 341.851م ح . م 1 ed - 2001 1201418 C3pB12-01418r2025-11-17 10:27:47t3w2025-11-17yBK